00281nam a2200121Ia 4500008004100000100002200041245003500063260001900098300000800117650001000125942000700135999001700142190216s9999||||xx |||||||||||||| ||und|| aPrakasha Panithan 0aHindi-Urdu Ki Sresht Kahaniyam bPars Prakashan a122 aHindi cBK c16186d16186